LIBRARY ONLINE CATALOGUE

Applied geophysics / (Record no. 6952)

MARC details
000 -LEADER
fixed length control field 00848nam a22002532 4500
001 - CONTROL NUMBER
control field 0000005259
005 - DATE AND TIME OF LATEST TRANSACTION
control field 20151217151958.0
008 - FIXED-LENGTH DATA ELEMENTS--GENERAL INFORMATION
fixed length control field 070611s xx 000 0 eng d
020 ## - INTERNATIONAL STANDARD BOOK NUMBER
International Standard Book Number 0521339383 :
Terms of availability GBP 50.00
040 ## - CATALOGING SOURCE
Original cataloging agency KABU
Transcribing agency KABU
050 #0 - LIBRARY OF CONGRESS CALL NUMBER
Classification number TN269
Item number .T45 1990
100 1# - MAIN ENTRY--PERSONAL NAME
Personal name Telford, William Murray.
-- 0000156450
245 10 - TITLE STATEMENT
Title Applied geophysics /
Statement of responsibility, etc. W. M. Telford, L. P. Geldart, R. E. Sheriff.
250 ## - EDITION STATEMENT
Edition statement 2nd ed.
260 ## - PUBLICATION, DISTRIBUTION, ETC. (IMPRINT)
Place of publication, distribution, etc. Cambridge :
Name of publisher, distributor, etc. Cambridge University Press,
Date of publication, distribution, etc. 1990.
300 ## - PHYSICAL DESCRIPTION
Extent xx, 770 p. :
Other physical details ill. ;
Dimensions 25 cm.
504 ## - BIBLIOGRAPHY, ETC. NOTE
Bibliography, etc Includes bibliographical references and index.
650 #0 - SUBJECT ADDED ENTRY--TOPICAL TERM
Topical term or geographic name as entry element Prospecting
General subdivision Geophysical methods.
-- 0000156446
700 1# - ADDED ENTRY--PERSONAL NAME
Personal name Geldart, L. P.
-- 0000156451
700 1# - ADDED ENTRY--PERSONAL NAME
Personal name Sheriff, Robert E.
-- 0000156452
908 ## - PUT COMMAND PARAMETER (RLIN)
Put command parameter 070611
950 ## - LOCAL HOLDINGS (RLIN)
-- 1
Holdings
Withdrawn status Lost status Source of classification or shelving scheme Not for loan Home library Current library Date acquired Total Checkouts Full call number Barcode Date last seen Price effective from Koha item type
    Library of Congress Classification   Kabarak, Main Campus Kabarak, Main Campus 17/12/2015   TN269 .T45 1990 008313 17/12/2015 17/12/2015 General Collection